|
|
|
|
| LEADER |
01414nam a2200301 u 4500 |
| 001 |
10119372 |
| 003 |
upatras |
| 005 |
20210117205753.0 |
| 008 |
160309s2005 gre |
| 020 |
|
|
|a 9601702539
|
| 040 |
|
|
|a GR-PaULI
|c GR-PaULI
|
| 041 |
0 |
|
|a gre
|
| 082 |
1 |
4 |
|a 709.04001
|2 22
|
| 100 |
1 |
|
|a Beckett, Samuel,
|d 1906-1989
|4 aut
|9 977
|
| 245 |
1 |
0 |
|a Ο κόσμος και το παντελόνι και Ζωγράφοι του εμποδίου
|c Σάμουελ Μπέκετ; μετάφραση - σημειώσεις - επίμετρο Μαρία Παπαδήμα
|
| 246 |
1 |
3 |
|a Ζωγράφοι του εμποδίου
|
| 260 |
|
|
|a Αθήνα
|b Ύψιλον/Βιβλία
|c 2005
|
| 300 |
|
|
|a 60 σ.
|c 22 εκ.
|
| 504 |
|
|
|a Περιέχει βιβλιογραφία και ευρετήριο.
|
| 650 |
|
4 |
|a Τέχνη, Μοντέρνα
|x Φιλοσοφία
|9 103205
|
| 650 |
|
4 |
|a Ζωγραφική, Μοντέρνα
|9 128991
|
| 650 |
|
4 |
|a Τέχνη και λογοτεχνία
|9 79342
|
| 700 |
1 |
|
|a Παπαδήμα, Μαρία
|4 trl
|4 edt
|4 aui
|9 41686
|
| 852 |
|
|
|a GR-PaULI
|b ΠΑΤΡΑ
|b ΘΕΑΤΡΟΛΟΓΙΑ
|k ΑΣΧΕ-3
|h 709.04001 BEC
|m 014123
|p 025000138131
|t 1
|
| 942 |
|
|
|2 ddc
|c BK15
|
| 952 |
|
|
|0 0
|1 0
|4 0
|6 709_040010000000000_BEC
|7 0
|9 190071
|a THST
|b THST
|d 2016-04-24
|i 014123
|l 0
|o 709.04001 BEC
|p 025000138131
|r 2016-04-24 00:00:00
|t 1
|w 2016-04-24
|y BK15
|
| 998 |
|
|
|c ΜΑΝΙΑ
|d 2016-03
|
| 999 |
|
|
|c 117048
|d 117048
|